| 000 | 011680000a22004570004500 | ||
|---|---|---|---|
| 003 | LK-CoMWRAF | ||
| 008 | 230817t ||||| |||| 00| 0 eng d | ||
| 040 |
_aLK-CoMWRAF _dLK-CoMWRAF _eLK-CoMWRAF |
||
| 041 | _aeng | ||
| 082 |
_a261 _bVOS |
||
| 100 | _aVos, F.H.De | ||
| 245 |
_aThe Law of Intestate Succession & Marriage _bRelating to the Moors or Mohammedans of Ceylon |
||
| 260 |
_b _a _c |
||
| 300 | _ap.71 | ||
| 650 | _aAdministration Right of Widow to | ||
| 650 | _aAge of Majority | ||
| 650 | _aChildren | ||
| 650 | _aCoast Moormen | ||
| 650 | _aCommunity of Property | ||
| 650 | _aDivorce | ||
| 650 | _aGurdianship | ||
| 650 | _aIndia - Mohammedan Law of not necessarily Law in Ceylon | ||
| 650 | _aInheritance | ||
| 650 | _aKaikooly | ||
| 650 | _aMagger | ||
| 650 | _aMaintenance | ||
| 650 | _aMalays | ||
| 650 | _aMarriage | ||
| 650 | _aMoors of CeylonOrdinance 8 of 1886 | ||
| 650 | _aPoor | ||
| 650 | _aResiduaries | ||
| 650 | _aRoman Dutch Law | ||
| 650 | _aShafei | ||
| 650 | _aSharers | ||
| 650 | _aSpecial Laws | ||
| 650 | _aTollok | ||
| 650 | _aWills | ||
| 650 | _aWives | ||
| 650 | _aWoman | ||
| 942 | _cBK | ||
| 999 |
_c1741 _d1741 |
||